Statistiken für Länder, die an Russland grenzen

Klicken Sie hier um das Quiz zu spielen!

Allgemein

  • Dieses Quiz wurde 9.284 mal gespielt
  • Das Durchschnittsergebnis liegt bei 12 aus 14

Antwortstatistiken

LängeLand% Korrekt
3'645 kmChina
99%
3'441 kmMongolei
97%
1'576 kmUkraine
97%
6'846 kmKasachstan
96%
959 kmBelarus
96%
290 kmEstland
94%
292 kmLettland
93%
227 kmLitauen
93%
1'313 kmFinnland
92%
723 kmGeorgien
84%
432 kmPolen
84%
18 kmNordkorea
81%
284 kmAserbaidschan
79%
196 kmNorwegen
65%

Verteilung der Resultate

Perzentil nach korrekt beantworteten Fragen

Anzahl Personen mit jedem Resultat

Ihre Resultats-Entwicklung

Sie haben dieses Quiz noch nicht gespielt